00555nam a2200157Ia 4500008004100000082001800041100001600059245002200075260003800097300001000135630001800145650009200163942000900255952011600264999001700380211109s9999||||xx |||||||||||||| ||und|| a323.44bADE-W aAdenacer, K 0aWorld Indivisible bGeorge J. A. SkeenaColomboc1956 a245p. xGeneral Stack asocial siencevSocial sciences--Study and teachingpolitical sciencedemocrazyxGeneralia cBOOK 00104070aSBCLbSBCLc2d2021-11-09g100.00l0o323.44 ADE-Wp00019196r2021-11-09 00:00:00w2021-11-09yBOOK c18520d18520